000 00508nam a2200193 a 4500
001 7762
003 CO-ViMGA
008 141112s2004 ck r 000 u spa d
020 _a8487699995
040 _aCO-ViMGA
_bspa
_cCO-ViMGA
082 0 4 _a201 F45
100 1 _aFraijo, Manuel
_97272
245 1 0 _aFilosofia de la Religion
260 _aMadrid :
_bEditoria Trotta,
_c1994
300 _a774 p, 23 cm
650 1 4 _aFilosofia de la REligion
_973
650 1 4 _aReligion - filosofia
_952120
942 _2ddc
_cBK
999 _c19674
_d19674